000 00534nam a2200181 i 4500
001 111735
003 ES-MaACL
005 20251124063454.0
007 t|
008 061121s1954 fr r ||||1| fre d
100 1 _aNasser, Gamal Abd el,
_d1918-1970
_984975
245 1 3 _aLa philosophie de la revolution /
_cGama Abd el Nasser.
260 _a[S.l. :
_bs.n.,
_c1954?]
300 _a62 p. ;
_c20 cm.
651 4 _aEgipto-
_xHistoria-
_y1952-1970.
_98143
852 _aES-MaACL
_j2040-F-6
_bR.53116
999 _c111735
_d111735